Central Library OPAC University of Rajshahi

চিত্র দর্শন / (Record no. 71606)

MARC details
000 -LEADER
fixed length control field 00753nam a2200217 a 4500
001 - CONTROL NUMBER
control field 71606
003 - CONTROL NUMBER IDENTIFIER
rucl marc code BD-RjUL
005 - DATE AND TIME OF LATEST TRANSACTION
control field 20211209082132.0
008 - FIXED-LENGTH DATA ELEMENTS--GENERAL INFORMATION
fixed length control field 170506s1881 ii af b 000 1 benrd
035 ## - SYSTEM CONTROL NUMBER
System control number (BD-RjUL)71822
040 ## - CATALOGING SOURCE
Original cataloging agency DLC
Transcribing agency DLC
Modifying agency DLC
-- (BD-RjUL
Language of cataloging eng
041 ## - LANGUAGE CODE
Language code of text/sound track or separate title eng
082 ## - DEWEY DECIMAL CLASSIFICATION NUMBER
Classification number 111.85
Author mark and year SAC 1881
Edition number 23
100 1# - MAIN ENTRY--PERSONAL NAME
Personal name সামন্ত, কানাই
9 (RLIN) 127291
245 ## - TITLE STATEMENT
Title চিত্র দর্শন /
Statement of responsibility, etc. কানাই সামন্ত
260 ## - PUBLICATION, DISTRIBUTION, ETC. (IMPRINT)
Date of publication, distribution, etc. কিলিকাতা :
Place of publication, distribution, etc. বিদ্যোদয় লাইব্রেরী,
Name of publisher, distributor, etc. ১৮৮১
300 ## - PHYSICAL DESCRIPTION
Pagination ২১১ পৃ
Illustrations চিত্র
Size ২৫ সেমি
650 ## - SUBJECT ADDED ENTRY--TOPICAL TERM
Topical term or geographic name as entry element নন্দনতত্ব
9 (RLIN) 211885
Topical term or geographic name as entry element Aesthetics
9 (RLIN) 211886
942 ## - ADDED ENTRY ELEMENTS (KOHA)
Source of classification or shelving scheme Dewey Decimal Classification
Koha item type Books
Holdings
Lost status Source of classification or shelving scheme Damaged status Not for loan Collection code Permanent Location Current Location Shelving location Date acquired Source of acquisition Total Checkouts Full call number Date last seen Copy number Koha item type
  Dewey Decimal Classification   Not For Loan Non-fiction Central Library, University of Rajshahi Central Library, University of Rajshahi Reading Room 03/09/1973 India Govt.   B 111.85 SAC 1881 06/05/2017 C-1 Books